[Event "IECC CL8-2004.08 email"]
[Site "IECC email"]
[Date "2004.06.28"]
[Round "?"]
[White "Robertson, John"]
[Black "Zanpure, Saniya"]
[Result "1-0"]
[WhiteElo "899"]
[BlackElo "959"]
[PlyCount "105"]
[EventDate "2004.??.??"]
[EventType "tourn (corr)"]
[EventRounds "4"]
[SourceTitle "Corr 2008"]
[Source "ChessBase"]
[SourceDate "2008.06.24"]
[SourceVersion "1"]
[SourceVersionDate "2008.06.24"]
[SourceQuality "1"]

1. e4 e5 2. Nf3 Nc6 3. Bc4 Bc5 4. 0-0 Nf6 5. Nc3 0-0 6. a3 d6 7. b4 Bb6 8. Na4 Bd7 9. Nxb6 axb6 10. b5 Nd4 11. Nxd4 exd4 12. Bd3 Ra5 13. a4 Ra6 14. bxa6 bxa6 15. Bxa6 Nxe4 16. f3 Nc5 17. Bb5 c6 18. Be2 Qc8 19. d3 Re8 20. Bb2 Qa8 21. c4 b5 22. axb5 Qb7 23. Bxd4 Qb6 24. bxc6 Qxc6 25. Bxc5 Qxc5+ 26. Rf2 h6 27. d4 Qf5 28. g4 Qf6 29. c5 d5 30. Bd3 g6 31. Bc2 h5 32. Ba4 Bxa4 33. Qxa4 Rf8 34. c6 Rc8 35. Rc1 h4 36. c7 g5 37. h3 Qf4 38. Qa1 Rxc7 39. Rxc7 Qxc7 40. Qa8+ Kg7 41. Qxd5 Qc1+ 42. Kg2 f6 43. Qf5 Qc4 44. d5 Qc5 45. Qd7+ Kg6 46. d6 f5 47. Qe6+ Kg7 48. gxf5 Qa7 49. Qg6+ Kf8 50. Rc2 Qd7 51. f6 Qxd6 52. Rc8+ Qd8 53. Rxd8# 1-0